[Event "18.Open Seefeld"]
[Site "Seefeld / Oesterreich"]
[Date "2007.09.06"]
[Round "6"]
[White "Thoeny, Hermann"]
[Black "Pitl, Gregory"]
[Result "0-1"]
[WhiteElo "2123"]
[BlackElo "2387"]
[PlyCount "44"]
[EventDate "2007.09.01"]
[EventType "swiss"]
[EventRounds "9"]
[EventCountry "AUT"]

1. d4 Nf6 2. Nf3 e6 3. g3 c5 4. Bg2 cxd4 5. Nxd4 d5 6. O-O e5 7. Nf3 Nc6 8. c4
d4 9. e3 Bc5 10. exd4 exd4 11. Re1+ Be6 12. Ng5 O-O 13. Nxe6 fxe6 14. a3 a5 15.
Rxe6 Qd7 16. Bh3 d3 17. Kg2 Ne4 18. f4 Nf2 19. Qh5 Nxh3 20. Qxh3 Nd4 21. Re5
Qc6+ 22. Rd5 Nb3 0-1

[Event "18.Open Seefeld"]
[Site "Seefeld / Oesterreich"]
[Date "2007.09.06"]
[Round "6"]
[White "Kroencke, Manfred"]
[Black "Fuchs, Georg"]
[Result "0-1"]
[WhiteElo "2207"]
[BlackElo "2193"]
[PlyCount "62"]
[EventDate "2007.09.01"]
[EventType "swiss"]
[EventRounds "9"]
[EventCountry "AUT"]

1. e4 e5 2. Nf3 Nf6 3. Nc3 Nc6 4. Bb5 Bb4 5. Nd5 Ba5 6. O-O O-O 7. d3 h6 8. c3
a6 9. Bxc6 bxc6 10. Ne3 d6 11. Qa4 Bb6 12. Qxc6 Bd7 13. Qc4 Bb5 14. Qb3 Bxd3
15. Rd1 Bxe4 16. Nxe5 Qe7 17. N5c4 Bc5 18. Re1 Rfe8 19. Qd1 Rad8 20. Nd2 Bc6
21. Nf3 Qe4 22. Bd2 Ng4 23. Qb1 Qe6 24. Nd4 Bxd4 25. cxd4 Nxe3 26. Rxe3 Qd5 27.
Rg3 Re6 28. Be3 f5 29. Qc2 Rde8 30. h4 Re4 31. Bxh6 Rg4 0-1

[Event "18.Open Seefeld"]
[Site "Seefeld / Oesterreich"]
[Date "2007.09.06"]
[Round "6"]
[White "Natter, Siegfried"]
[Black "van der Weide, Karel"]
[Result "1/2-1/2"]
[WhiteElo "2233"]
[BlackElo "2502"]
[PlyCount "84"]
[EventDate "2007.09.01"]
[EventType "swiss"]
[EventRounds "9"]
[EventCountry "AUT"]

1. e4 c5 2. Nc3 g6 3. f4 Nc6 4. Nf3 Bg7 5. Bb5 Nd4 6. O-O Nxb5 7. Nxb5 d5 8.
exd5 a6 9. Nc3 Nf6 10. d4 Nxd5 11. dxc5 Be6 12. Ne4 O-O 13. c3 Qc8 14. Nfg5 Rd8
15. Nxe6 Qxe6 16. Qf3 f5 17. Ng5 Qc6 18. Re1 Qxc5+ 19. Kh1 Qc6 20. Ne6 Rd7 21.
Nxg7 Kxg7 22. Be3 Nxe3 23. Qxc6 bxc6 24. Rxe3 Raa7 25. Rae1 Rd2 26. R3e2 Rad7
27. Kg1 Rxe2 28. Rxe2 Rd1+ 29. Kf2 Kf6 30. g3 h6 31. h4 Rd3 32. Re3 Rd2+ 33.
Re2 Rxe2+ 34. Kxe2 e5 35. Ke3 e4 36. Kd4 Ke6 37. b4 Kd6 38. a4 Kc7 39. Ke3 Kb6
40. c4 Kc7 41. Kd2 Kd6 42. Kc3 Kc7 1/2-1/2

[Event "18.Open Seefeld"]
[Site "Seefeld / Oesterreich"]
[Date "2007.09.06"]
[Round "6"]
[White "Sandhu, Mario"]
[Black "Sucher, Johannes"]
[Result "1-0"]
[WhiteElo "2338"]
[BlackElo "2197"]
[PlyCount "75"]
[EventDate "2007.09.01"]
[EventType "swiss"]
[EventRounds "9"]
[EventCountry "AUT"]

1. e4 d5 2. exd5 Nf6 3. Bb5+ Bd7 4. Be2 Nxd5 5. d4 e6 6. Nf3 c5 7. c4 Nf6 8.
Nc3 cxd4 9. Nxd4 Nc6 10. Bf3 Bb4 11. O-O Nxd4 12. Qxd4 Bc6 13. Bxc6+ bxc6 14.
Qxd8+ Rxd8 15. Na4 Ne4 16. Be3 Bd2 17. Bxd2 Rxd2 18. f3 Nd6 19. Rfd1 Rxd1+ 20.
Rxd1 Ke7 21. b3 Rd8 22. Nc5 Nf5 23. Rxd8 Kxd8 24. Kf2 Kc7 25. g4 Nd6 26. Ke3
Kb6 27. Ne4 Nxe4 28. Kxe4 Kc5 29. Ke5 a6 30. h4 h6 31. h5 a5 32. a3 a4 33. bxa4
Kxc4 34. Kd6 c5 35. a5 Kb5 36. a6 Kxa6 37. Kxc5 g6 38. g5 1-0

[Event "18.Open Seefeld"]
[Site "Seefeld / Oesterreich"]
[Date "2007.09.06"]
[Round "6"]
[White "Stabolewski, Andreas"]
[Black "Jaenig, Reinhard"]
[Result "1/2-1/2"]
[WhiteElo "2263"]
[BlackElo "2176"]
[PlyCount "86"]
[EventDate "2007.09.01"]
[EventType "swiss"]
[EventRounds "9"]
[EventCountry "AUT"]

1. Nf3 c5 2. c4 Nc6 3. Nc3 e5 4. e3 f5 5. d4 cxd4 6. exd4 e4 7. d5 exf3 8. dxc6
fxg2 9. cxd7+ Qxd7 10. Qxd7+ Bxd7 11. Bxg2 O-O-O 12. O-O Nf6 13. Bf4 Bc6 14.
Nb5 Bxb5 15. cxb5 Bd6 16. Be3 Kb8 17. a4 f4 18. Bd4 f3 19. Bxf3 Bxh2+ 20. Kxh2
Rxd4 21. Rfe1 Rhd8 22. Re7 R8d7 23. Rae1 Rxe7 24. Rxe7 Rd7 25. Rxd7 Nxd7 26.
Kg3 Nc5 27. Bd1 Kc7 28. Bc2 h6 29. Kg4 Ne6 30. f4 Kd6 31. Bd1 b6 32. Kf5 Nf8
33. Bh5 Ke7 34. Ke5 Nd7+ 35. Kf5 Nc5 36. Bd1 Nd3 37. b3 Kf7 38. Bh5+ Ke7 39.
Be2 Nc5 40. Bc4 Nd7 41. Kg6 Kf8 42. Bd5 Nf6 43. Bc4 Nd7 1/2-1/2

[Event "18.Open Seefeld"]
[Site "Seefeld / Oesterreich"]
[Date "2007.09.06"]
[Round "6"]
[White "Schlosser, Andree"]
[Black "Heinig, Wolfram"]
[Result "1/2-1/2"]
[WhiteElo "2200"]
[BlackElo "2360"]
[PlyCount "37"]
[EventDate "2007.09.01"]
[EventType "swiss"]
[EventRounds "9"]
[EventCountry "AUT"]

1. d4 Nf6 2. Bf4 g6 3. e3 Bg7 4. Nf3 d6 5. h3 O-O 6. Be2 Nbd7 7. O-O c5 8. c3
b6 9. a4 a6 10. Na3 Bb7 11. Qb3 Rc8 12. Rad1 Rc7 13. Nd2 Qa8 14. Bf3 Bxf3 15.
Nxf3 Rfc8 16. Rfe1 Ne4 17. Ng5 Nxg5 18. Bxg5 Kf8 19. d5 1/2-1/2

[Event "18.Open Seefeld"]
[Site "Seefeld / Oesterreich"]
[Date "2007.09.06"]
[Round "6"]
[White "Gruber, Michael"]
[Black "Schunk, Thomas"]
[Result "1/2-1/2"]
[WhiteElo "2160"]
[BlackElo "2346"]
[PlyCount "42"]
[EventDate "2007.09.01"]
[EventType "swiss"]
[EventRounds "9"]
[EventCountry "AUT"]

1. e4 e5 2. f4 exf4 3. Bc4 Qh4+ 4. Kf1 d6 5. Nc3 c6 6. Qf3 Qf6 7. d3 g5 8. h4
g4 9. Qxf4 Nd7 10. Nge2 Ne5 11. Bb3 h5 12. Qxf6 Nxf6 13. Bg5 Be7 14. Ng3 Be6
15. Ke2 Nfd7 16. Bxe7 Kxe7 17. Raf1 Nc5 18. Nf5+ Kd7 19. d4 Nxb3 20. axb3 Ng6
21. d5 cxd5 1/2-1/2

[Event "18.Open Seefeld"]
[Site "Seefeld / Oesterreich"]
[Date "2007.09.06"]
[Round "6"]
[White "Kesik, Klaus-Dieter"]
[Black "Mertens, Klaus"]
[Result "1/2-1/2"]
[WhiteElo "2332"]
[BlackElo "2090"]
[PlyCount "99"]
[EventDate "2007.09.01"]
[EventType "swiss"]
[EventRounds "9"]
[EventCountry "AUT"]

1. d4 Nf6 2. Bg5 c5 3. Bxf6 gxf6 4. c3 Qc7 5. e3 b6 6. Nf3 Bb7 7. d5 e6 8. c4
d6 9. Nc3 a6 10. g3 Nd7 11. Bg2 Be7 12. O-O Nf8 13. Qe2 Ng6 14. Rab1 Rb8 15.
Rfd1 e5 16. e4 Bc8 17. Qc2 Bd7 18. h4 h5 19. Nh2 Bf8 20. Bf3 Qc8 21. Qe2 f5 22.
Bxh5 f4 23. Kh1 Bh6 24. Bg4 fxg3 25. fxg3 Nxh4 26. gxh4 Bf4 27. Bxd7+ Qxd7 28.
Rg1 Qh3 29. Rbf1 Ke7 30. Rxf4 exf4 31. e5 Rxh4 32. exd6+ Kxd6 33. Ne4+ Kc7 34.
d6+ Kb7 35. Ng5 Qd7 36. Ngf3 Rh6 37. Qe4+ Ka7 38. Qxf4 Qxd6 39. Qxf7+ Rb7 40.
Qg8 Qf6 41. Qg2 Rbh7 42. Re1 Qf4 43. b3 Rh3 44. Re7+ Rxe7 45. Qxh3 Re2 46. Qd7+
Kb8 47. a3 Qg3 48. Qd8+ Kb7 49. Qd7+ Kb8 50. Qd8+ 1/2-1/2

[Event "18.Open Seefeld"]
[Site "Seefeld / Oesterreich"]
[Date "2007.09.06"]
[Round "6"]
[White "Vatter, Hans-Joachim"]
[Black "Stock, Juergen"]
[Result "1-0"]
[WhiteElo "2319"]
[BlackElo "2074"]
[PlyCount "47"]
[EventDate "2007.09.01"]
[EventType "swiss"]
[EventRounds "9"]
[EventCountry "AUT"]

1. d4 e6 2. e4 d5 3. e5 c5 4. c3 Nc6 5. Nf3 cxd4 6. cxd4 Bb4+ 7. Nc3 f6 8. exf6
Nxf6 9. Bd3 O-O 10. O-O Qc7 11. h3 a6 12. Bg5 h6 13. Be3 Bd7 14. Rc1 Rae8 15.
Ne5 Bd6 16. f4 Qb6 17. Rf2 Bxe5 18. fxe5 Nh7 19. Na4 Qd8 20. Nc5 Rxf2 21. Bxf2
Nb4 22. Bb1 b6 23. Nxd7 Qxd7 24. a3 1-0

[Event "18.Open Seefeld"]
[Site "Seefeld / Oesterreich"]
[Date "2007.09.06"]
[Round "6"]
[White "Shahin, Walid"]
[Black "Kugelmann, Werner"]
[Result "1/2-1/2"]
[WhiteElo "2068"]
[BlackElo "2202"]
[PlyCount "69"]
[EventDate "2007.09.01"]
[EventType "swiss"]
[EventRounds "9"]
[EventCountry "AUT"]

1. d4 Nf6 2. c4 g6 3. Nf3 Bg7 4. Nc3 O-O 5. e4 d6 6. h3 e5 7. d5 a5 8. Bg5 h6
9. Be3 Na6 10. Be2 Nc5 11. Nd2 b6 12. g4 Bd7 13. Qc2 Nh7 14. h4 f5 15. gxf5
gxf5 16. f3 f4 17. Bf2 h5 18. O-O-O Kf7 19. Bf1 Bf6 20. Bh3 Bxh3 21. Rxh3 Rg8
22. Rh2 Qd7 23. Nb3 Na6 24. Qe2 Rg7 25. Rhh1 Rg2 26. Rdg1 Rxg1+ 27. Bxg1 Rg8
28. Bf2 Ke8 29. Qf1 Nf8 30. Nb5 c6 31. dxc6 Qxc6 32. Kb1 Rg7 33. Rg1 Rxg1 34.
Qxg1 Nc7 35. Nxc7+ 1/2-1/2

[Event "18.Open Seefeld"]
[Site "Seefeld / Oesterreich"]
[Date "2007.09.06"]
[Round "6"]
[White "Huettemann, Ralf"]
[Black "Wempe, Juergen"]
[Result "0-1"]
[WhiteElo "1998"]
[BlackElo "2204"]
[PlyCount "36"]
[EventDate "2007.09.01"]
[EventType "swiss"]
[EventRounds "9"]
[EventCountry "AUT"]

1. e4 c5 2. b3 d5 3. exd5 Qxd5 4. Nc3 Qd8 5. Bb5+ Bd7 6. Bxd7+ Qxd7 7. Qe2 Nc6
8. Nf3 e6 9. Bb2 Nf6 10. Ne4 Nd5 11. g3 Ndb4 12. d3 Nd4 13. Bxd4 cxd4 14. a3
Nc6 15. Nfg5 Be7 16. Qh5 g6 17. Qh6 f5 18. Qg7 Bb4+ 0-1

[Event "18.Open Seefeld"]
[Site "Seefeld / Oesterreich"]
[Date "2007.09.06"]
[Round "6"]
[White "Pieper, Harald"]
[Black "Stoer, Andreas"]
[Result "0-1"]
[WhiteElo "2043"]
[BlackElo "2171"]
[PlyCount "54"]
[EventDate "2007.09.01"]
[EventType "swiss"]
[EventRounds "9"]
[EventCountry "AUT"]

1. f4 Nf6 2. Nf3 g6 3. d4 Bg7 4. c4 O-O 5. Nc3 c5 6. d5 e6 7. e4 exd5 8. exd5
d6 9. Be2 Re8 10. O-O Na6 11. a3 Nc7 12. Bd3 Ng4 13. Qc2 Nh6 14. Bd2 Bf5 15.
Rae1 Qd7 16. Bxf5 Nxf5 17. Qd1 a6 18. Na4 Rxe1 19. Rxe1 Re8 20. Nb6 Qd8 21. b4
Nd4 22. Rxe8+ Qxe8 23. bxc5 Nxf3+ 24. Qxf3 Bd4+ 25. Kf1 Bxc5 26. Ba5 Nb5 27.
cxb5 Qxb5+ 0-1

[Event "18.Open Seefeld"]
[Site "Seefeld / Oesterreich"]
[Date "2007.09.06"]
[Round "6"]
[White "Breedveld, Andre"]
[Black "Moes, Waldemar"]
[Result "1-0"]
[WhiteElo "2151"]
[BlackElo "2024"]
[PlyCount "67"]
[EventDate "2007.09.01"]
[EventType "swiss"]
[EventRounds "9"]
[EventCountry "AUT"]

1. c4 Nf6 2. g3 e5 3. Bg2 Nc6 4. Nc3 Bb4 5. Nd5 Bc5 6. e3 O-O 7. Ne2 Re8 8. O-O
d6 9. h3 Nxd5 10. cxd5 Ne7 11. d4 exd4 12. Nxd4 Nf5 13. Nxf5 Bxf5 14. Kh2 Qf6
15. Qb3 Bb6 16. Bd2 Qg6 17. Rac1 Be4 18. f3 Bf5 19. e4 Bd7 20. g4 h5 21. a4
hxg4 22. fxg4 a5 23. Rc4 Re7 24. Bf4 Rae8 25. Qg3 Rxe4 26. Bxe4 Rxe4 27. Qd3
Rxf4 28. Qxg6 Rxf1 29. Qd3 c6 30. Rc2 cxd5 31. Qxd5 Bc6 32. Qxd6 g5 33. Rxc6
bxc6 34. Qb8+ 1-0

[Event "18.Open Seefeld"]
[Site "Seefeld / Oesterreich"]
[Date "2007.09.06"]
[Round "6"]
[White "Aigner, Georg"]
[Black "Babinetz, Rainer"]
[Result "0-1"]
[WhiteElo "2033"]
[BlackElo "2139"]
[PlyCount "100"]
[EventDate "2007.09.01"]
[EventType "swiss"]
[EventRounds "9"]
[EventCountry "AUT"]

1. e4 Nf6 2. e5 Nd5 3. d4 d6 4. Nf3 g6 5. Be2 Bg7 6. O-O O-O 7. c4 Nb6 8. Nc3
Nc6 9. exd6 cxd6 10. Be3 d5 11. c5 Nc4 12. Bxc4 dxc4 13. d5 Nb4 14. Qd2 Bg4 15.
Ne1 Bxc3 16. Qxc3 Nxd5 17. Qxc4 Nxe3 18. fxe3 Qd7 19. Nf3 Be6 20. Qh4 f6 21.
Nd4 Qa4 22. Qe4 Bf7 23. Qxe7 Rae8 24. Qxb7 Rxe3 25. Nf3 Bxa2 26. c6 Rb3 27. Qd7
Rxb2 28. Rfc1 Qb5 29. Nd4 Qg5 30. Qh3 Bd5 31. Nf3 Qe3+ 32. Kh1 Rf2 33. Re1 Qc5
34. Rac1 Qa3 35. Kg1 Re2 36. c7 Qe3+ 37. Kh1 Bxf3 38. Rg1 Bxg2+ 39. Qxg2 Rxg2
40. Kxg2 Qe2+ 41. Kg3 Rc8 42. Rge1 Qd3+ 43. Kg2 Qd5+ 44. Kg1 Qd6 45. Red1 Qb6+
46. Kg2 Rxc7 47. Rb1 Rc2+ 48. Kf3 Qc6+ 49. Ke3 Qc3+ 50. Rd3 Qe5+ 0-1

[Event "18.Open Seefeld"]
[Site "Seefeld / Oesterreich"]
[Date "2007.09.06"]
[Round "6"]
[White "Schmidt, Juergen"]
[Black "Kesik, Marco"]
[Result "1/2-1/2"]
[WhiteElo "2130"]
[BlackElo "1954"]
[PlyCount "34"]
[EventDate "2007.09.01"]
[EventType "swiss"]
[EventRounds "9"]
[EventCountry "AUT"]

1. e4 c5 2. Nf3 e6 3. d4 cxd4 4. Nxd4 a6 5. Nc3 Qc7 6. a3 d6 7. Be3 b5 8. Bd3
Nf6 9. Qe2 Nbd7 10. f4 Bb7 11. Rd1 Nc5 12. Bxb5+ axb5 13. Ndxb5 Qc6 14. Nd5
exd5 15. exd5 Nxd5 16. Bxc5+ Kd7 17. Qg4+ Ke8 1/2-1/2

[Event "18.Open Seefeld"]
[Site "Seefeld / Oesterreich"]
[Date "2007.09.06"]
[Round "6"]
[White "Duric, Rajko"]
[Black "Storkebaum, Karl-Heinrich"]
[Result "0-1"]
[WhiteElo "1877"]
[BlackElo "2038"]
[PlyCount "74"]
[EventDate "2007.09.01"]
[EventType "swiss"]
[EventRounds "9"]
[EventCountry "AUT"]

1. e4 c5 2. Nc3 d6 3. f4 Nc6 4. Bb5 Bd7 5. Bxc6 Bxc6 6. d3 e6 7. Nf3 g6 8. Be3
b6 9. O-O Bg7 10. d4 Ne7 11. Qd3 O-O 12. Rad1 a6 13. Rfe1 Qc7 14. d5 exd5 15.
exd5 Bxc3 16. bxc3 Nxd5 17. c4 Nxe3 18. Rxe3 Rad8 19. Rde1 Rfe8 20. Rxe8+ Rxe8
21. Rxe8+ Bxe8 22. f5 Qe7 23. Kf2 Bc6 24. fxg6 hxg6 25. Qe3 Qxe3+ 26. Kxe3 Kf8
27. g4 Bxf3 28. Kxf3 Ke7 29. h4 b5 30. Kf4 bxc4 31. h5 gxh5 32. gxh5 Kf6 33.
Ke4 Kg5 34. Kd5 f5 35. Kxd6 f4 36. h6 Kxh6 37. Kxc5 f3 0-1

[Event "18.Open Seefeld"]
[Site "Seefeld / Oesterreich"]
[Date "2007.09.06"]
[Round "6"]
[White "Willin, Bernhard"]
[Black "Platzgummer, Fabian"]
[Result "0-1"]
[WhiteElo "2002"]
[BlackElo "2124"]
[PlyCount "134"]
[EventDate "2007.09.01"]
[EventType "swiss"]
[EventRounds "9"]
[EventCountry "AUT"]

1. d4 Nf6 2. Nf3 e6 3. e3 c5 4. Be2 b6 5. O-O Bb7 6. Nbd2 Be7 7. a3 O-O 8. dxc5
bxc5 9. b3 Qc7 10. Bb2 d6 11. Ne1 Nc6 12. Nd3 a5 13. c4 Nd7 14. Qc2 Bf6 15.
Rab1 Bxb2 16. Rxb2 Nce5 17. f4 Nxd3 18. Qxd3 Nf6 19. e4 Rab8 20. Bf3 e5 21. f5
h6 22. a4 Bc6 23. Rc2 Qe7 24. Nb1 Rfd8 25. Re2 Qb7 26. Re3 Qb4 27. Bd1 Bxa4 28.
g4 Bc6 29. Nc3 Qb7 30. Kf2 Qe7 31. Kg3 Nh7 32. h4 f6 33. Bc2 Rb4 34. Qd2 Qc7
35. Nd5 Bxd5 36. Qxd5+ Qf7 37. Qc6 Qb7 38. Qxb7 Rxb7 39. Ra1 Ra7 40. Ra3 Kf8
41. Re1 Ke7 42. Kf3 Nf8 43. h5 Nd7 44. Rea1 Rda8 45. Ke3 Nb8 46. Kd3 Nc6 47.
Kc3 Kd7 48. Kb2 Kc7 49. Kc3 Rb8 50. Bd1 Rb4 51. Ra4 Kb6 52. R1a3 Kc7 53. Kb2
Rab7 54. Rxb4 cxb4 55. Ra2 Kb6 56. Kc2 Ra7 57. Kd3 Kc5 58. Ra4 Nb8 59. Ra1 Nd7
60. Bc2 Kb6 61. Ke3 Nc5 62. Rd1 Kc6 63. Ra1 a4 64. bxa4 b3 65. Bb1 Rxa4 66.
Rxa4 Nxa4 67. Kd3 Kc5 0-1

[Event "18.Open Seefeld"]
[Site "Seefeld / Oesterreich"]
[Date "2007.09.06"]
[Round "6"]
[White "Gatterer, Matthias"]
[Black "Rahn, Oskar"]
[Result "0-1"]
[WhiteElo "2286"]
[BlackElo "2122"]
[PlyCount "60"]
[EventDate "2007.09.01"]
[EventType "swiss"]
[EventRounds "9"]
[EventCountry "AUT"]

1. d4 Nf6 2. Nf3 e6 3. Bg5 d5 4. c4 Be7 5. Nc3 c6 6. e3 Nbd7 7. Qc2 Qa5 8. cxd5
exd5 9. Bd3 h6 10. Bh4 O-O 11. O-O Re8 12. Rab1 Bd6 13. Rfc1 a6 14. Bg3 Bxg3
15. hxg3 c5 16. dxc5 Qxc5 17. Na4 Qxc2 18. Rxc2 b5 19. Nc3 Nc5 20. Ne1 Nxd3 21.
Nxd3 Bf5 22. Rd1 d4 23. exd4 Bxd3 24. Rxd3 Re1+ 25. Kh2 Ng4+ 26. Kh3 f5 27. Rd1
Rae8 28. Kh4 Rxd1 29. Nxd1 Re1 30. Kh5 Kh7 0-1

[Event "18.Open Seefeld"]
[Site "Seefeld / Oesterreich"]
[Date "2007.09.06"]
[Round "6"]
[White "Russ, Colin"]
[Black "Maurer, Rainer"]
[Result "1-0"]
[WhiteElo "1967"]
[BlackElo "2117"]
[PlyCount "49"]
[EventDate "2007.09.01"]
[EventType "swiss"]
[EventRounds "9"]
[EventCountry "AUT"]

1. d4 d5 2. c4 e6 3. Nc3 Nf6 4. Bg5 Nbd7 5. cxd5 exd5 6. e3 Be7 7. Bd3 c6 8.
Nf3 O-O 9. Rc1 Re8 10. O-O h6 11. Bxf6 Nxf6 12. Ne5 Bd6 13. f4 Qb6 14. b3 Bd7
15. h3 c5 16. Nxd7 Nxd7 17. Nxd5 Qa5 18. e4 cxd4 19. Qg4 Qd8 20. e5 Ba3 21. Rc7
Nxe5 22. fxe5 Qxd5 23. Rfxf7 Qxf7 24. Bc4 Rf8 25. Qg6 1-0

[Event "18.Open Seefeld"]
[Site "Seefeld / Oesterreich"]
[Date "2007.09.06"]
[Round "6"]
[White "Kammers, Heribert"]
[Black "Georgiev, Georgi"]
[Result "1-0"]
[WhiteElo "2104"]
[BlackElo "1915"]
[PlyCount "139"]
[EventDate "2007.09.01"]
[EventType "swiss"]
[EventRounds "9"]
[EventCountry "AUT"]

1. d4 d5 2. c4 c6 3. cxd5 cxd5 4. Nf3 Nf6 5. Nc3 Nc6 6. Bf4 Bf5 7. e3 e6 8. Rc1
Bd6 9. Ne5 O-O 10. Nxc6 bxc6 11. Bxd6 Qxd6 12. Be2 Rfc8 13. O-O c5 14. Nb5 Qb6
15. dxc5 Rxc5 16. Rxc5 Qxc5 17. Qc1 Rc8 18. Qxc5 Rxc5 19. Nd4 Be4 20. Nb3 Rc2
21. Rc1 e5 22. Rxc2 Bxc2 23. Nc5 Kf8 24. Kf1 Ke7 25. Ke1 Kd6 26. b4 Kc7 27. Kd2
Bf5 28. f3 h5 29. Kc3 g5 30. a4 h4 31. a5 d4+ 32. exd4 Nd5+ 33. Kb3 exd4 34.
Kc4 Ne3+ 35. Kxd4 Nxg2 36. Ne4 Nf4 37. Bc4 g4 38. fxg4 Bxg4 39. Bxf7 Bd7 40.
Bc4 Ng6 41. Nf6 Bc8 42. Nd5+ Kd6 43. Nc3 Kc7 44. Nb5+ Kb8 45. Nd6 Bd7 46. Ke4
Ne7 47. Nf7 Kc7 48. Ne5 Bf5+ 49. Kf4 Bc8 50. Kg5 h3 51. Kf4 Kd6 52. Nf7+ Kc7
53. b5 Ng6+ 54. Kg3 Kd7 55. Bf1 Ke7 56. Ng5 Kd6 57. Nxh3 Kc5 58. Nf4 Ne7 59.
Kh4 Kb4 60. b6 axb6 61. axb6 Kc5 62. Kg5 Kxb6 63. h4 Bf5 64. Kf6 Kc5 65. Kxe7
Kd4 66. Kf6 Bh7 67. h5 Ke3 68. Kg7 Kxf4 69. Kxh7 Kg5 70. Be2 1-0

[Event "18.Open Seefeld"]
[Site "Seefeld / Oesterreich"]
[Date "2007.09.06"]
[Round "6"]
[White "Wallnoefer, Hannes"]
[Black "Gheri, Harald"]
[Result "1-0"]
[WhiteElo "2096"]
[BlackElo "1955"]
[PlyCount "67"]
[EventDate "2007.09.01"]
[EventType "swiss"]
[EventRounds "9"]
[EventCountry "AUT"]

1. e4 d6 2. d4 c6 3. f4 Nd7 4. Nf3 Ngf6 5. Bd3 c5 6. d5 g6 7. b3 Bg7 8. Bb2 O-O
9. O-O Qb6 10. Nbd2 Ng4 11. Nc4 Qc7 12. Bxg7 Kxg7 13. Qe1 b5 14. Ne3 Nxe3 15.
Qxe3 c4 16. bxc4 bxc4 17. Qd4+ f6 18. Bxc4 Nc5 19. e5 Ba6 20. exf6+ Rxf6 21.
Bxa6 Nxa6 22. Ng5 Qb6 23. Qxb6 axb6 24. Rab1 Rb8 25. Rfe1 Rb7 26. Ne6+ Kh6 27.
g4 Rxe6 28. Rxe6 Nc5 29. Re3 Kg7 30. Kg2 Kf6 31. Kf3 h6 32. h4 e6 33. dxe6 Nxe6
34. Rd1 1-0

[Event "18.Open Seefeld"]
[Site "Seefeld / Oesterreich"]
[Date "2007.09.06"]
[Round "6"]
[White "Plock, Christian"]
[Black "Oettinger, Hagen"]
[Result "0-1"]
[WhiteElo "1986"]
[BlackElo "2085"]
[PlyCount "40"]
[EventDate "2007.09.01"]
[EventType "swiss"]
[EventRounds "9"]
[EventCountry "AUT"]

1. e4 Nf6 2. Nc3 d5 3. exd5 Nxd5 4. Nxd5 Qxd5 5. Qf3 Qc5 6. c3 e5 7. d3 Nc6 8.
Be3 Qd6 9. O-O-O Be6 10. d4 exd4 11. Bxd4 O-O-O 12. Ne2 Bxa2 13. Nf4 Qh6 14.
Be3 Bd6 15. Bb5 Bxf4 16. Bxf4 Qg6 17. Bd3 Qf6 18. Qg3 Rd7 19. Be2 Rhd8 20. Bf3
Qf5 0-1

[Event "18.Open Seefeld"]
[Site "Seefeld / Oesterreich"]
[Date "2007.09.06"]
[Round "6"]
[White "Mueller, Helmut"]
[Black "Staninski, Borislav"]
[Result "1-0"]
[WhiteElo "2077"]
[BlackElo "1663"]
[PlyCount "65"]
[EventDate "2007.09.01"]
[EventType "swiss"]
[EventRounds "9"]
[EventCountry "AUT"]

1. Nf3 Nf6 2. g3 e6 3. Bg2 d5 4. d4 Nbd7 5. O-O c5 6. c3 Qc7 7. Bf4 Bd6 8. Bxd6
Qxd6 9. Nbd2 c4 10. Re1 O-O 11. e4 Nxe4 12. Nxe4 dxe4 13. Rxe4 Nf6 14. Re2 Bd7
15. Ne5 Nd5 16. Nxc4 Qc7 17. Qb3 Rac8 18. Ne5 Bc6 19. Rae1 Ne7 20. Nxc6 bxc6
21. f4 c5 22. dxc5 Qxc5+ 23. Kh1 Qh5 24. Re5 Nf5 25. c4 Rb8 26. Qc3 Rfd8 27.
Be4 f6 28. Rxe6 Nd4 29. Re7 h6 30. b3 Ne2 31. Rxe2 Kf8 32. Bf3 Rd1+ 33. Re1 1-0

[Event "18.Open Seefeld"]
[Site "Seefeld / Oesterreich"]
[Date "2007.09.06"]
[Round "6"]
[White "Nedelchev, Nikolai"]
[Black "Schmidt, Wolfgang"]
[Result "1-0"]
[WhiteElo "1980"]
[BlackElo "2071"]
[PlyCount "79"]
[EventDate "2007.09.01"]
[EventType "swiss"]
[EventRounds "9"]
[EventCountry "AUT"]

1. e4 g6 2. d4 Bg7 3. Nc3 d6 4. Bc4 Nf6 5. Nf3 Nxe4 6. Bxf7+ Kxf7 7. Nxe4 Rf8
8. Be3 Kg8 9. h3 Nc6 10. Qd2 Bf5 11. Ng3 e5 12. d5 Nd4 13. Bxd4 exd4 14. O-O-O
c5 15. dxc6 bxc6 16. Nxd4 Qb6 17. Ngxf5 Rxf5 18. c3 Rd5 19. Qe3 Re5 20. Qd3 Rb8
21. Nb3 d5 22. Qc2 Rbe8 23. Nd4 c5 24. Nf3 Re2 25. Qb3 Qf6 26. Qxd5+ Kh8 27.
Rhe1 Rxe1 28. Rxe1 Rxe1+ 29. Nxe1 Qxf2 30. Qa8+ Bf8 31. Nd3 Qe3+ 32. Kc2 Qe2+
33. Kb3 Qe6+ 34. c4 Qb6+ 35. Kc2 Kg7 36. Qe8 Qb7 37. Nf4 Bd6 38. Nd5 Qa6 39.
Kd3 Bg3 40. Qe7+ 1-0

[Event "18.Open Seefeld"]
[Site "Seefeld / Oesterreich"]
[Date "2007.09.06"]
[Round "6"]
[White "Becker, Joerg"]
[Black "Schumacher, Helmut"]
[Result "1/2-1/2"]
[WhiteElo "1952"]
[BlackElo "2103"]
[PlyCount "43"]
[EventDate "2007.09.01"]
[EventType "swiss"]
[EventRounds "9"]
[EventCountry "AUT"]

1. d4 d5 2. c4 e6 3. Nc3 c6 4. cxd5 exd5 5. Nf3 Nf6 6. Bg5 Be7 7. e3 Nbd7 8.
Be2 Ne4 9. Bxe7 Qxe7 10. O-O O-O 11. Qc2 f5 12. a3 Ndf6 13. Ne5 Be6 14. b4 Nxc3
15. Qxc3 Ne4 16. Qc2 Qg5 17. f4 Qe7 18. Bd3 Rf6 19. Rac1 Rc8 20. Bxe4 fxe4 21.
Qc5 Qxc5 22. Rxc5 1/2-1/2

[Event "18.Open Seefeld"]
[Site "Seefeld / Oesterreich"]
[Date "2007.09.06"]
[Round "6"]
[White "Helbig, Dieter"]
[Black "Niedermair, Hannes"]
[Result "1-0"]
[WhiteElo "1863"]
[BlackElo "2069"]
[PlyCount "55"]
[EventDate "2007.09.01"]
[EventType "swiss"]
[EventRounds "9"]
[EventCountry "AUT"]

1. c4 c5 2. Nc3 g6 3. g3 Bg7 4. Bg2 Nc6 5. e3 e6 6. Nge2 d6 7. O-O Nge7 8. d4
O-O 9. b3 a6 10. Rb1 Qc7 11. Bb2 Rb8 12. Ne4 Rd8 13. a3 b6 14. Qc2 cxd4 15.
exd4 d5 16. Ng5 Na5 17. Rfc1 dxc4 18. bxc4 Bb7 19. d5 Bxb2 20. Qxb2 h6 21. Ne4
Nf5 22. Nf6+ Kf8 23. dxe6 Bxg2 24. Kxg2 Qc6+ 25. Nd5 Rxd5 26. cxd5 Qxd5+ 27.
Kg1 f6 28. Qxf6+ 1-0

[Event "18.Open Seefeld"]
[Site "Seefeld / Oesterreich"]
[Date "2007.09.06"]
[Round "6"]
[White "Eiter, Meinhard"]
[Black "Hofer, Franz"]
[Result "0-1"]
[WhiteElo "1845"]
[BlackElo "2051"]
[PlyCount "132"]
[EventDate "2007.09.01"]
[EventType "swiss"]
[EventRounds "9"]
[EventCountry "AUT"]

1. d4 e6 2. Nc3 d5 3. Nf3 c5 4. Bg5 Be7 5. Bxe7 Qxe7 6. e3 Nc6 7. Be2 Nf6 8.
O-O O-O 9. Re1 a6 10. a4 Bd7 11. dxc5 Qxc5 12. Nd2 Qe7 13. Nb3 Rac8 14. Bf3 Ne5
15. Be2 Rfd8 16. Nd4 Nc4 17. Bxc4 Rxc4 18. Qd3 Qb4 19. Reb1 e5 20. Nde2 d4 21.
exd4 exd4 22. Ne4 Nxe4 23. Qxe4 Re8 24. Qd3 Rec8 25. c3 dxc3 26. bxc3 Qe7 27.
Rxb7 R4c7 28. Rxc7 Rxc7 29. Qxa6 g6 30. Qd3 Bg4 31. Ng3 h5 32. h3 Be6 33. Qd4
Rc4 34. Qe5 Rc5 35. Qb8+ Rc8 36. Qb4 Qc7 37. Ne4 Qc4 38. Ra3 Qe2 39. Nc5 Qe1+
40. Kh2 Qe5+ 41. f4 Qxc5 42. Qxc5 Rxc5 43. a5 Rc7 44. Kg1 Kf8 45. Kf2 Ke7 46.
Ke3 Kd6 47. Kd4 h4 48. a6 Ra7 49. c4 f6 50. Ra5 Kc6 51. Rc5+ Kb6 52. Rb5+ Kxa6
53. Rb2 Rb7 54. Re2 Bf5 55. Kd5 Rd7+ 56. Kc6 Ka5 57. c5 Kb4 58. Kb6 Kc3 59. c6
Rd2 60. Re8 Rb2+ 61. Kc5 Rxg2 62. c7 Kd3 63. Rd8+ Ke3 64. Rf8 Rc2+ 65. Kd6 Kxf4
66. Rxf6 Kg3 0-1